00568nam a22001697a 450000500170000001000130001702000260003003500110005603700130006708200080008010000350008824500710012324600590019426000500025327000720030330000230037520210831165410.0 aUR-11219 c300.00a9789390100583 aU-9774 bDBAD/PUB a841 aمحمد عا لم صد يقی aر شک قمر ا گر نہ ہو cمحمد عا لم صد يقی aRashke Qamar Agar Na Ho (Urdu)bbyMohd. Alam Siddiqui aDelhic2020 ءbEducational Publishing House  a3191,Vakil Street, Kucha Pandit Lal Kuan,b Delhie110006l23216162 a236 ص c22 Cm(Hb)